Hochmeister Karl von Trier (1311-1324) : Stationen einer Karriere im Deutschen Orden /
Uložené v:
| Hlavný autor: | |
|---|---|
| Médium: | Kniha |
| Jazyk: | German |
| Vydané: |
Maraburg :
N.G. Elwert Verlag,
1990
|
| Vydanie: | [1. Aufl.] |
| Edícia: | Quellen und Studien zur Geschichte des Deutschen Ordens
Band 47 |
| Témy: | |
| ISBN: |
3770809769 (viaz.) |
| Fyzický popis: |
vii, 291 s., 9 s. obr. príl. : obr. ; 23 cm |
| Tagy: |
Pridať tag
Žiadne tagy, Buďte prvý kto otaguje tento záznam!
|
Titul je dostupný aj v ... 

MARC
| LEADER | 00000nam a2200000 a 4500 | ||
|---|---|---|---|
| 001 | 000001721 | ||
| 005 | 20040825100925.0 | ||
| 008 | 040510s1990 gw ab e b 001 0 gero | ||
| 020 | |a 3770809769 (viaz.) | ||
| 040 | |a SVKKK |b slo |c SVKKK |e AACR2 | ||
| 041 | 0 | |a ger | |
| 044 | |a gw |c DE | ||
| 072 | 7 | |a 94(430/439) |x Dejiny krajín strednej Európy |2 konspekt | |
| 080 | |a 2-78 |2 1997 | ||
| 080 | |a 2-788 |2 1997 | ||
| 080 | |a (430) |2 1997 | ||
| 080 | |a (091) |2 1997 | ||
| 080 | |a 94(430) |2 1997 | ||
| 080 | |a (048.8) |2 1997 | ||
| 100 | 1 | |a Niess, Ulrich |4 aut | |
| 245 | 1 | 0 | |a Hochmeister Karl von Trier (1311-1324) : |b Stationen einer Karriere im Deutschen Orden / |c Ulrich Niess |
| 250 | |a [1. Aufl.] | ||
| 260 | |a Maraburg : |b N.G. Elwert Verlag, |c 1990 | ||
| 300 | |a vii, 291 s., 9 s. obr. príl. : |b obr. ; |c 23 cm | ||
| 440 | 0 | |a Quellen und Studien zur Geschichte des Deutschen Ordens |v Band 47 | |
| 504 | |a Bibliografia s. 249-269. Obsahuje poznámky, skratky, register | ||
| 650 | 0 | 7 | |a cirkevné rády |z Nemecko |2 SVKKKPH |
| 650 | 0 | 7 | |a cirkevné rády |x dejiny |2 SVKKKPH |
| 651 | 7 | |a Nemecko |x dejiny |2 SVKKKPH | |
| 655 | 7 | |a štúdie |2 SVKKKPH | |
| 655 | 7 | |a príručky |2 SVKKKPH | |
| 919 | |a 3-7708-0976-9 | ||
| 998 | |a BK | ||
| 090 | |g SCKHL |k Sklad Pribinova prízemie |a IV.190621 |j 961225 |i 2720022582 |s Absenčne | ||